10 pytań z geografii - Statystyki

Ogólne statystyki
  • Ten quiz został rozwiązany 2 354 razy
  • Średni wynik to 7 z 10
Statystyki odpowiedzi
Zagadnienie Odpowiedź % Poprawnych
Która góra na świecie jest najwyższa? Mount Everest
92%
Największa pustynia świata to: Sahara
86%
Islandia jest pokryta lodem Fałsz
75%
W skład Wielkiej Brytanii nie wchodzi Islandia
75%
Francja nie graniczy z: Austrią
70%
Który z oceanów jest największy? Spokojny
69%
Które z tych miast nie jest położone w Ameryce Południowej? Kuala Lumpur
66%
Z którym oceanem styka się wybrzeże Stanów Zjednoczonych? (Floryda) Z oceanem Atlantyckim
61%
Najdłuższa rzeka w Europie to: Wołga
52%
Określa lokalizację na północ lub południe od równika: Szerokość Geograficzna
36%
Nie znaleziono quizów pasujących do podanych kryteriów
Rozkład punktacji
Procent ludzi z każdym wynikiem
Percentyl według liczby udzielonych odpowiedzi
Twoja historia wyników
Nie rozwiązałeś tego quizu